[Event "Titled Tuesday 22nd Sept"]
[Site "chess.com INT"]
[Date "2020.09.22"]
[Round "9"]
[White "Jobava, Ba"]
[Black "Pridorozhni, A."]
[Result "1-0"]
[WhiteElo "2603"]
[BlackElo "2597"]
[PlyCount "61"]
[EventDate "2020.09.22"]
[EventType "swiss (blitz)"]
[EventRounds "10"]
[SourceTitle "The Week in Chess 1351"]
[Source "Mark Crowther"]
[SourceDate "2020.09.28"]
[SourceVersion "1"]
[SourceVersionDate "2020.09.28"]
[SourceQuality "2"]

1. e4 e5 2. Nf3 Nc6 3. c3 d5 4. d3 dxe4 5. dxe4 Qxd1+ 6. Kxd1 f6 7. Be3 Be6 8.
Kc2 O-O-O 9. Nbd2 g6 10. Bc4 Bxc4 11. Nxc4 Bh6 12. h4 Bxe3 13. Nxe3 h5 14. b4
Nce7 15. a4 Nh6 16. a5 a6 17. Nd2 Ng4 18. Nxg4 hxg4 19. Nc4 Rh7 20. g3 Ng8 21.
Ne3 Nh6 22. h5 g5 23. Rad1 Rxd1 24. Rxd1 Ng8 25. Rh1 Nh6 26. c4 Kd7 27. b5 Kd6
28. Rd1+ Kc5 29. Kc3 c6 30. bxa6 bxa6 31. Nc2 1-0

[Event "Titled Tuesday 22nd Sept"]
[Site "chess.com INT"]
[Date "2020.09.22"]
[Round "8"]
[White "Petrova, I."]
[Black "Belova, O."]
[Result "0-1"]
[WhiteElo "2088"]
[BlackElo "2069"]
[PlyCount "106"]
[EventDate "2020.09.22"]
[EventType "swiss (blitz)"]
[EventRounds "10"]
[SourceTitle "The Week in Chess 1351"]
[Source "Mark Crowther"]
[SourceDate "2020.09.28"]
[SourceVersion "1"]
[SourceVersionDate "2020.09.28"]
[SourceQuality "2"]

1. e4 e5 2. Nf3 Nc6 3. c3 d5 4. d3 Nf6 5. Nbd2 Bg4 6. Be2 Be7 7. O-O O-O 8. h3
Bh5 9. Re1 h6 10. b4 a6 11. Bb2 Bg6 12. Bf1 Re8 13. a3 Bf8 14. Qc2 Nh5 15. exd5
Qxd5 16. c4 Qd6 17. c5 Qd5 18. Nc4 e4 19. dxe4 Bxe4 20. Rxe4 Qxe4 21. Bd3 Qf4
22. Ne3 Rad8 23. Bc4 Rxe3 24. fxe3 Qxe3+ 25. Kh2 Qf4+ 26. Kg1 Qg3 27. Rd1 Rxd1+
28. Qxd1 Nf4 29. Qd2 Nxh3+ 30. Kh1 Nf4 31. Kg1 Qg4 32. Bf1 Nh3+ 33. Kh1 Ng5 34.
Nxg5 Qxg5 35. Qf2 Qh5+ 36. Kg1 Qg6 37. Qe3 Be7 38. Be2 Qg5 39. Qf3 Bf6 40. Bxf6
Qxf6 41. Qd3 Qd4+ 42. Qxd4 Nxd4 43. Bg4 f5 44. Bd1 g5 45. Kf2 Kf7 46. Ke3 Nb5
47. Bh5+ Kf6 48. Bf3 Nxa3 49. Bxb7 Nc4+ 50. Kd4 Nd2 51. Bxa6 Nb3+ 52. Kc4 Nd2+
53. Kd3 Ne4 0-1

[Event "Titled Tuesday 22nd Sept"]
[Site "chess.com INT"]
[Date "2020.09.22"]
[Round "2"]
[White "Terry, R."]
[Black "Doluhanova, E."]
[Result "1-0"]
[WhiteElo "2504"]
[BlackElo "2229"]
[PlyCount "47"]
[EventDate "2020.09.22"]
[EventType "swiss (blitz)"]
[EventRounds "10"]
[SourceTitle "The Week in Chess 1351"]
[Source "Mark Crowther"]
[SourceDate "2020.09.28"]
[SourceVersion "1"]
[SourceVersionDate "2020.09.28"]
[SourceQuality "2"]

1. e4 e5 2. Nf3 Nc6 3. c3 Nf6 4. d4 exd4 5. e5 Ne4 6. Qe2 d5 7. exd6 f5 8. Nxd4
Nxd4 9. cxd4 Bxd6 10. f3 Qh4+ 11. g3 Bxg3+ 12. hxg3 Qxh1 13. fxe4 fxe4 14. Nc3
O-O 15. Bf4 g5 16. Qc4+ Rf7 17. O-O-O Qh6 18. Be3 Bg4 19. Re1 Raf8 20. Nxe4 b5
21. Qxb5 Bd7 22. Qc4 Be6 23. d5 Bf5 24. Nxg5 1-0

[Event "Titled Tuesday 22nd Sept"]
[Site "chess.com INT"]
[Date "2020.09.22"]
[Round "1"]
[White "Abrashkin, B."]
[Black "Christiansen, Johan-Sebastian"]
[Result "0-1"]
[WhiteElo "2407"]
[BlackElo "2617"]
[PlyCount "134"]
[EventDate "2020.09.22"]
[EventType "swiss (blitz)"]
[EventRounds "10"]
[SourceTitle "The Week in Chess 1351"]
[Source "Mark Crowther"]
[SourceDate "2020.09.28"]
[SourceVersion "1"]
[SourceVersionDate "2020.09.28"]
[SourceQuality "2"]

1. e4 e5 2. Nf3 Nc6 3. c3 d5 4. Qa4 f6 5. d3 Nge7 6. Be2 a6 7. b4 Be6 8. a3 Qd7
9. O-O g6 10. Rd1 Bg7 11. c4 dxe4 12. dxe4 Qc8 13. Nc3 O-O 14. Nd5 Kh8 15. Bb2
Bg4 16. Rd3 g5 17. Rad1 Ng6 18. g3 Nd8 19. Qc2 Ne6 20. Ne3 Bxf3 21. Bxf3 Rd8
22. Nf5 Bf8 23. Bg4 Rxd3 24. Rxd3 Qe8 25. Qd1 Qc6 26. Ne3 Ng7 27. Nd5 Qxc4 28.
Nxf6 Qf7 29. Nd7 Bd6 30. Rf3 Qe7 31. Nf6 Rf8 32. Nd5 Qe8 33. Rxf8+ Qxf8 34. Qd2
h6 35. Kg2 h5 36. Be2 g4 37. h3 gxh3+ 38. Kg1 h2+ 39. Kg2 h1=Q+ 40. Kxh1 Qxf2
41. Qh6+ Kg8 42. Qxg6 Qe1+ 43. Kh2 Qxe2+ 44. Kh1 Qd1+ 45. Kg2 Qe2+ 46. Kh3 Qg4+
47. Qxg4 hxg4+ 48. Kxg4 Kf7 49. Kf3 Ne6 50. g4 Ng5+ 51. Ke3 c6 52. Nc3 Bc7 53.
Ne2 Bb6+ 54. Kd3 Ke6 55. Ng3 Bg1 56. Nh5 Bh2 57. Ng7+ Kf7 58. Nf5 Ke6 59. Ng7+
Kd7 60. Nf5 Bf4 61. Bc3 Nf3 62. Ne3 Nh2 63. g5 Ke6 64. g6 Bh6 65. Nc4 Ng4 66.
Ke2 Kf6 67. Kf3 Nh2+ 0-1

[Event "Titled Tuesday 15th Sept"]
[Site "chess.com INT"]
[Date "2020.09.15"]
[Round "4"]
[White "Rakhmangulova, A."]
[Black "Erdogdu, M."]
[Result "0-1"]
[WhiteElo "2156"]
[BlackElo "2396"]
[PlyCount "72"]
[EventDate "2020.09.15"]
[EventType "swiss (blitz)"]
[EventRounds "10"]
[SourceTitle "The Week in Chess 1350"]
[Source "Mark Crowther"]
[SourceDate "2020.09.21"]
[SourceVersion "1"]
[SourceVersionDate "2020.09.21"]
[SourceQuality "2"]

1. e4 e5 2. Nf3 Nc6 3. c3 d5 4. Qa4 Qd6 5. d4 exd4 6. e5 Qe7 7. cxd4 Qb4+ 8.
Qxb4 Bxb4+ 9. Bd2 Nge7 10. Nc3 Bg4 11. Bb5 O-O-O 12. Be3 Bxf3 13. gxf3 Nf5 14.
O-O-O h6 15. a3 Bxc3 16. bxc3 Nce7 17. Bd3 Kd7 18. Rhg1 Ke6 19. Kc2 b6 20. a4
Rb8 21. Rb1 c6 22. h3 Rhc8 23. Ba6 Rc7 24. Bf4 Ng6 25. Bh2 Ngh4 26. Be2 c5 27.
dxc5 Rxc5 28. Rg4 Rbc8 29. Rb3 h5 30. Rg5 Nd4+ 31. Kb2 Nxe2 32. Rxg7 Nxf3 33.
Bg3 Nd2 34. Rb4 Rxc3 35. Rh7 Rc2+ 36. Ka3 R8c3+ 0-1

[Event "TCh-POL 2nd League 2020"]
[Site "Poronin POL"]
[Date "2020.09.11"]
[Round "7.2"]
[White "Pulik, K."]
[Black "Dubinski, M."]
[Result "0-1"]
[WhiteElo "2071"]
[BlackElo "2345"]
[PlyCount "40"]
[EventDate "2020.09.05"]
[EventType "team"]
[EventRounds "9"]
[EventCountry "POL"]
[SourceTitle "The Week in Chess 1349"]
[Source "Mark Crowther"]
[SourceDate "2020.09.14"]
[SourceVersion "1"]
[SourceVersionDate "2020.09.14"]
[SourceQuality "2"]
[WhiteTeam "LKS PARNAS Stara Wies"]
[BlackTeam "WKS Kopernik"]

1. e4 e5 2. Nf3 Nc6 3. c3 Nf6 4. d4 Nxe4 5. d5 Bc5 6. dxc6 Bxf2+ 7. Ke2 Bb6 8.
Qd5 O-O 9. cxb7 Bxb7 10. Qxb7 Nf2 11. Rg1 Qf6 12. Na3 e4 13. Nd4 Ng4 14. Rh1 c5
15. Ndc2 d5 16. Be3 d4 17. Bg1 d3+ 18. Kd2 c4 19. Bxd3 Qf4+ 20. Kd1 cxd3 0-1

[Event "Panchenko Mem Open A 2020"]
[Site "Chelyabinsk RUS"]
[Date "2020.09.10"]
[Round "4.14"]
[White "Sitnikov, A."]
[Black "Lysyj, I."]
[Result "1/2-1/2"]
[WhiteElo "2409"]
[BlackElo "2594"]
[PlyCount "101"]
[EventDate "2020.09.07"]
[EventType "swiss"]
[EventRounds "9"]
[EventCountry "RUS"]
[SourceTitle "The Week in Chess 1349"]
[Source "Mark Crowther"]
[SourceDate "2020.09.14"]
[SourceVersion "1"]
[SourceVersionDate "2020.09.14"]
[SourceQuality "2"]

1. e4 e5 2. Nf3 Nc6 3. c3 d5 4. d3 Nf6 5. Nbd2 a5 6. Be2 Bc5 7. Qc2 O-O 8. h3
a4 9. Nf1 d4 10. Ng3 h6 11. O-O Be6 12. Nh4 Re8 13. Ngf5 a3 14. b4 Bf8 15. b5
Ne7 16. Nxe7+ Qxe7 17. Nf3 Qc5 18. c4 Bd7 19. Rb1 c6 20. bxc6 Bxc6 21. Bd2 Nd7
22. Qc1 Qe7 23. Ne1 Nc5 24. Nc2 Bxe4 25. dxe4 d3 26. Bxd3 Nxd3 27. Qd1 Nb2 28.
Qe2 Ra4 29. Ne3 Qc5 30. Rfc1 Rc8 31. Nd5 Rxc4 32. Qg4 Rc6 33. Be3 Qd6 34. Rxc4
Rxc4 35. Bc1 Rc2 36. Ne3 Qd3 37. Nxc2 Qxc2 38. Ra1 Nd1 39. Bxa3 Qxf2+ 40. Kh2
Ne3 41. Qf3 Qxf3 42. gxf3 Nc2 43. Rb1 Nxa3 44. Rxb7 h5 45. Kg3 g6 46. f4 exf4+
47. Kxf4 Nc4 48. a4 Bh6+ 49. Kf3 Nd2+ 50. Ke2 Nxe4 51. a5 1/2-1/2

[Event "PNWCC Master Artist Point"]
[Site "chess.com INT"]
[Date "2020.09.07"]
[Round "7.2"]
[White "Jobava, Ba"]
[Black "Sevian, Samuel"]
[Result "1/2-1/2"]
[WhiteElo "2603"]
[BlackElo "2660"]
[PlyCount "106"]
[EventDate "2020.09.05"]
[EventType "swiss"]
[EventRounds "9"]
[SourceTitle "The Week in Chess 1349"]
[Source "Mark Crowther"]
[SourceDate "2020.09.14"]
[SourceVersion "1"]
[SourceVersionDate "2020.09.14"]
[SourceQuality "2"]

1. e4 e5 2. Nf3 Nc6 3. c3 d5 4. d3 g6 5. Be2 Bg7 6. O-O Nf6 7. Nbd2 a5 8. a4
O-O 9. Qc2 h6 10. Re1 Re8 11. Nf1 Be6 12. Ng3 Qd7 13. h3 Rad8 14. Bf1 Qc8 15.
Bd2 d4 16. cxd4 exd4 17. Rec1 Nd7 18. Qd1 Qa8 19. Ne2 b6 20. Nf4 Nc5 21. Nxe6
Rxe6 22. Rc4 Qc8 23. Rac1 Bf8 24. h4 Rf6 25. Nh2 Ne5 26. Rxc5 bxc5 27. f4 Nd7
28. h5 Rb6 29. hxg6 fxg6 30. Bxa5 Rxb2 31. Qg4 Kh7 32. Qh4 Re8 33. Nf3 Be7 34.
Qh3 Nb6 35. f5 Rg8 36. Bd2 Rxd2 37. Nxd2 Bg5 38. Rc2 Nxa4 39. Nc4 gxf5 40. exf5
Nc3 41. Qf3 Qe8 42. Kh2 Qe1 43. g3 Bf6 44. Bg2 Rg7 45. Rb2 c6 46. Rf2 Rc7 47.
Rf1 Qe8 48. Ra1 Rg7 49. Ra6 Ne2 50. Nd6 Qe5 51. Nc4 Qe8 52. Nd6 Qe5 53. Nc4 Qe8
1/2-1/2

[Event "PNWCC Master Artist Point"]
[Site "chess.com INT"]
[Date "2020.09.05"]
[Round "1.20"]
[White "Jobava, Ba"]
[Black "Salik, Serkan"]
[Result "1-0"]
[WhiteElo "2603"]
[BlackElo "1986"]
[PlyCount "57"]
[EventDate "2020.09.05"]
[EventType "swiss"]
[EventRounds "9"]
[SourceTitle "The Week in Chess 1349"]
[Source "Mark Crowther"]
[SourceDate "2020.09.14"]
[SourceVersion "1"]
[SourceVersionDate "2020.09.14"]
[SourceQuality "2"]

1. e4 e5 2. Nf3 Nc6 3. c3 Nf6 4. d3 g6 5. Be2 Bg7 6. O-O O-O 7. Nbd2 d6 8. a4
h6 9. a5 a6 10. Re1 Nh7 11. Nf1 Qe8 12. Ne3 f5 13. exf5 gxf5 14. d4 e4 15. Nh4
Ne7 16. Bh5 Qd8 17. Ng6 Nxg6 18. Bxg6 d5 19. Qh5 Qd7 20. f3 c6 21. fxe4 fxe4
22. Bd2 Nf6 23. Qh4 Ng4 24. Rf1 Nxe3 25. Bxe3 Qg4 26. Rxf8+ Bxf8 27. Qf6 Qe6
28. Bh7+ Kxh7 29. Qxf8 1-0

[Event "Titled Tuesday 1st Sept"]
[Site "chess.com INT"]
[Date "2020.09.01"]
[Round "1"]
[White "Brankovic, De"]
[Black "Ramirez M., E."]
[Result "1-0"]
[WhiteElo "2300"]
[BlackElo "2057"]
[PlyCount "65"]
[EventDate "2020.09.01"]
[EventType "swiss (blitz)"]
[EventRounds "10"]
[SourceTitle "Updates"]
[Source "OMCORR"]
[SourceDate "2020.11.02"]
[SourceVersion "1"]
[SourceVersionDate "2020.11.02"]
[SourceQuality "1"]

1. e4 e5 2. Nf3 Nc6 3. c3 Nf6 4. d4 d5 5. Bb5 exd4 6. Nxd4 Bd7 7. Bxc6 bxc6 8.
e5 Ne4 9. O-O Bc5 10. f3 Ng5 11. Kh1 O-O 12. Nd2 f6 13. f4 fxe5 14. fxe5 Qe7
15. N2b3 Rxf1+ 16. Qxf1 Rf8 17. Qe2 Ne4 18. Be3 Qh4 19. Qe1 Qh5 20. Nxc5 Nxc5
21. Nxc6 Bxc6 22. Bxc5 Re8 23. Bd4 a6 24. h3 Bd7 25. Qg3 Bf5 26. Rf1 Be4 27. e6
Re7 28. Kh2 Qg6 29. Qxg6 Bxg6 30. Bc5 Re8 31. e7 Be4 32. Rf8+ Rxf8 33. exf8=Q#
1-0

[Event "1st Sergiy Shystarev Mem"]
[Site "Kiev UKR"]
[Date "2020.08.28"]
[Round "5.23"]
[White "Rakhmangulova, A."]
[Black "Tobak, Mikhail"]
[Result "0-1"]
[WhiteElo "2191"]
[BlackElo "2067"]
[PlyCount "64"]
[EventDate "2020.08.25"]
[EventType "swiss"]
[EventRounds "9"]
[EventCountry "UKR"]
[SourceTitle "The Week in Chess 1356"]
[Source "Mark Crowther"]
[SourceDate "2020.11.02"]
[SourceVersion "1"]
[SourceVersionDate "2020.11.02"]
[SourceQuality "2"]

1. e4 e5 2. Nf3 Nc6 3. c3 d6 4. Bc4 g6 5. d3 Bg7 6. Ng5 Nh6 7. a4 O-O 8. h4 Ng4
9. h5 gxh5 10. Rxh5 h6 11. Nf3 Qf6 12. Na3 Ne7 13. Qe2 c6 14. Nh4 d5 15. Bb3
Qd6 16. exd5 cxd5 17. f3 Nf6 18. Nb5 Qd8 19. Rxh6 a6 20. Bg5 Bxh6 21. Bxh6 axb5
22. O-O-O Re8 23. Rh1 Ra6 24. g4 Nh7 25. Bd2 bxa4 26. Ba2 Kg7 27. Qxe5+ f6 28.
Qh5 Ng5 29. Bxg5 Rh8 30. Nf5+ Nxf5 31. Bxf6+ Rxf6 32. Qg5+ Rg6 0-1

[Event "ch-ESP U18 2020"]
[Site "Salobrena ESP"]
[Date "2020.08.19"]
[Round "4.29"]
[White "Marti Olivella, Gerard"]
[Black "Cano Vila, Eduard"]
[Result "1-0"]
[WhiteElo "1816"]
[BlackElo "1953"]
[PlyCount "75"]
[EventDate "2020.08.17"]
[EventType "swiss"]
[EventRounds "9"]
[EventCountry "ESP"]
[SourceTitle "The Week in Chess 1346"]
[Source "Mark Crowther"]
[SourceDate "2020.08.24"]
[SourceVersion "1"]
[SourceVersionDate "2020.08.24"]
[SourceQuality "2"]

1. e4 e5 2. Nf3 Nc6 3. c3 Nf6 4. d4 Nxe4 5. d5 Bc5 6. dxc6 Bxf2+ 7. Ke2 Bb6 8.
Be3 Bxe3 9. Kxe3 bxc6 10. Kxe4 d5+ 11. Ke3 Qf6 12. Qa4 e4 13. Nbd2 O-O 14. Qd4
Qh6+ 15. Kf2 Rb8 16. b3 f5 17. Be2 Bb7 18. Rhf1 Rbe8 19. Kg1 c5 20. Qf2 e3 21.
Qh4 Qxh4 22. Nxh4 exd2 23. Bd3 f4 24. Rad1 g5 25. Nf3 g4 26. Nxd2 Re3 27. Nb1
f3 28. gxf3 gxf3 29. Kf2 Rfe8 30. Rfe1 d4 31. cxd4 cxd4 32. Bc4+ Kf8 33. Rg1
R8e5 34. Rxd4 Ke7 35. Rg7+ Kf6 36. Rxc7 Ba8 37. Rxa7 Re8 38. Rxa8 1-0

[Event "Titled Tue 18th Aug"]
[Site "chess.com INT"]
[Date "2020.08.18"]
[Round "10"]
[White "Abrashkin, B."]
[Black "Miranda, Rafael"]
[Result "0-1"]
[WhiteElo "2407"]
[BlackElo "2284"]
[PlyCount "144"]
[EventDate "2020.08.18"]
[EventType "swiss (blitz)"]
[EventRounds "10"]
[SourceTitle "The Week in Chess 1346"]
[Source "Mark Crowther"]
[SourceDate "2020.08.24"]
[SourceVersion "1"]
[SourceVersionDate "2020.08.24"]
[SourceQuality "2"]

1. e4 e5 2. Nf3 Nc6 3. c3 Nf6 4. d4 exd4 5. e5 Nd5 6. cxd4 Bb4+ 7. Bd2 Bxd2+ 8.
Nbxd2 O-O 9. Bc4 Nb6 10. Bb3 d5 11. h3 a5 12. O-O a4 13. Bc2 a3 14. b3 Nb4 15.
Bb1 f6 16. Re1 fxe5 17. Nxe5 Bf5 18. Bxf5 Rxf5 19. Ndf3 Qf8 20. Qe2 Rd8 21.
Rad1 c6 22. Rd2 Nc8 23. Nd3 Nxd3 24. Qxd3 Nd6 25. Re5 Qf6 26. Rde2 Ne4 27. Rxf5
Qxf5 28. Nd2 Nd6 29. Qg3 Qc2 30. Qg4 Qf5 31. Qg3 Qf6 32. Re5 Rf8 33. Nf3 Ne4
34. Qg4 Nd2 35. Nxd2 Qxf2+ 36. Kh2 Qxd2 37. Re7 Qf4+ 38. Qxf4 Rxf4 39. Rxb7 Rf2
40. Rc7 Rxa2 41. Rxc6 Rb2 42. b4 Rxb4 43. Ra6 Rb3 44. Ra7 h5 45. h4 g6 46. Ra5
Kf7 47. Rxd5 a2 48. Ra5 Rb2 49. Kg3 Ke6 50. d5+ Kd6 51. Kh2 Rd2 52. Kg3 Kc7 53.
Kh2 Kb6 54. Ra3 Kb5 55. d6 Kb4 56. Ra7 Kb3 57. d7 Kb2 58. Rb7+ Kc1 59. Rc7+ Kd1
60. Ra7 Ke1 61. Rxa2 Rxd7 62. Ra3 Rd4 63. Rf3 Rxh4+ 64. Kg3 Rg4+ 65. Kh2 Ke2
66. Rf6 g5 67. Rf3 h4 68. Rf6 Ke3 69. Rf3+ Ke4 70. Rf7 Rf4 71. Rg7 g4 72. Rf7
Rxf7 0-1

[Event "Titled Tue 18th Aug"]
[Site "chess.com INT"]
[Date "2020.08.18"]
[Round "8"]
[White "Abrashkin, B."]
[Black "Vivas Zamora, Fabian Ernesto"]
[Result "1-0"]
[WhiteElo "2407"]
[BlackElo "2344"]
[PlyCount "51"]
[EventDate "2020.08.18"]
[EventType "swiss (blitz)"]
[EventRounds "10"]
[SourceTitle "The Week in Chess 1346"]
[Source "Mark Crowther"]
[SourceDate "2020.08.24"]
[SourceVersion "1"]
[SourceVersionDate "2020.08.24"]
[SourceQuality "2"]

1. e4 e5 2. Nf3 Nc6 3. c3 Nf6 4. d4 exd4 5. e5 Ne4 6. cxd4 Bb4+ 7. Nbd2 d6 8.
Bd3 Nxd2 9. Bxd2 Bxd2+ 10. Qxd2 O-O 11. O-O Bg4 12. Be4 Bxf3 13. Bxf3 dxe5 14.
Bxc6 bxc6 15. Rac1 exd4 16. Rxc6 Re8 17. Rfc1 Re7 18. Qd3 Qd5 19. b3 Qxc6 20.
Rxc6 Re1+ 21. Qf1 Rae8 22. Rxc7 Rxf1+ 23. Kxf1 d3 24. Rd7 Kf8 25. Rxd3 Rc8 26.
Rd2 1-0

[Event "Titled Tue 4th Aug 10am"]
[Site "chess.com INT"]
[Date "2020.08.04"]
[Round "9"]
[White "Rakhmangulova, A."]
[Black "Hosseinzadeh, N."]
[Result "0-1"]
[WhiteElo "2191"]
[BlackElo "2217"]
[PlyCount "74"]
[EventDate "2020.08.04"]
[EventType "swiss (blitz)"]
[EventRounds "10"]
[SourceTitle "The Week in Chess 1344"]
[Source "Mark Crowther"]
[SourceDate "2020.08.10"]
[SourceVersion "1"]
[SourceVersionDate "2020.08.10"]
[SourceQuality "2"]

1. e4 e5 2. Nf3 Nc6 3. c3 d5 4. Qa4 f6 5. Bb5 Nge7 6. exd5 Qxd5 7. O-O Be6 8.
d4 e4 9. Nfd2 f5 10. Re1 O-O-O 11. f3 a6 12. Bc4 Qd7 13. Bxe6 Qxe6 14. fxe4
fxe4 15. Nxe4 Qg6 16. Na3 Nf5 17. Bf4 Nfxd4 18. cxd4 Rxd4 19. Nc4 Bb4 20. Ne5
Nxe5 21. Bxe5 Rxe4 22. Rxe4 Qxe4 23. Kh1 Re8 24. Bg3 Bd6 25. Qxe4 Rxe4 26. Bxd6
cxd6 27. Rf1 Kd7 28. h4 Rxh4+ 29. Kg1 Re4 30. Rf7+ Re7 31. Rf4 b5 32. a4 Kc6
33. a5 Re1+ 34. Kh2 Rb1 35. b4 g5 36. Rg4 h6 37. Rd4 Rc1 0-1

[Event "Titled Tue 4th Aug 10am"]
[Site "chess.com INT"]
[Date "2020.08.04"]
[Round "2"]
[White "Cagara, P."]
[Black "Matinian, N."]
[Result "0-1"]
[WhiteElo "2054"]
[BlackElo "2475"]
[PlyCount "50"]
[EventDate "2020.08.04"]
[EventType "swiss (blitz)"]
[EventRounds "10"]
[SourceTitle "The Week in Chess 1344"]
[Source "Mark Crowther"]
[SourceDate "2020.08.10"]
[SourceVersion "1"]
[SourceVersionDate "2020.08.10"]
[SourceQuality "2"]

1. e4 e5 2. Nf3 Nc6 3. c3 d5 4. Qa4 dxe4 5. Nxe5 Qd5 6. Nxc6 bxc6 7. Bc4 Qd6 8.
d4 Bd7 9. O-O Nf6 10. Qb3 Ng4 11. g3 h5 12. Bxf7+ Kd8 13. Bf4 Qf6 14. h4 Be7
15. Nd2 Rf8 16. Bc4 Qg6 17. Bg5 Bxg5 18. hxg5 h4 19. Nxe4 Qxe4 20. Rae1 Qf5 21.
f3 Nh2 22. g4 Nxf3+ 23. Rxf3 Qxf3 24. Qc2 Qg3+ 25. Kh1 Qxe1+ 0-1

[Event "Titled Tue 4th Aug 10am"]
[Site "chess.com INT"]
[Date "2020.08.04"]
[Round "1"]
[White "Prohorov, Olexandr"]
[Black "Jin, Ashton"]
[Result "0-1"]
[WhiteElo "2086"]
[BlackElo "2140"]
[PlyCount "28"]
[EventDate "2020.08.04"]
[EventType "swiss (blitz)"]
[EventRounds "10"]
[SourceTitle "The Week in Chess 1344"]
[Source "Mark Crowther"]
[SourceDate "2020.08.10"]
[SourceVersion "1"]
[SourceVersionDate "2020.08.10"]
[SourceQuality "2"]

1. e4 e5 2. Nf3 Nc6 3. c3 Nf6 4. d4 Nxe4 5. d5 Bc5 6. Be3 Bxe3 7. fxe3 Nb8 8.
Bd3 Nf6 9. Nbd2 Nxd5 10. Qe2 O-O 11. O-O d6 12. c4 Nf6 13. Rad1 Qe7 14. Qf2 e4
0-1

[Event "77th ch-GEO w 2020"]
[Site "Tbilisi GEO"]
[Date "2020.07.29"]
[Round "8.5"]
[White "Khukhashvili, S."]
[Black "Batsiashvili, N."]
[Result "0-1"]
[WhiteElo "2339"]
[BlackElo "2457"]
[PlyCount "76"]
[EventDate "2020.07.21"]
[EventType "tourn"]
[EventRounds "9"]
[EventCountry "GEO"]
[EventCategory "4"]
[SourceTitle "The Week in Chess 1343"]
[Source "Mark Crowther"]
[SourceDate "2020.08.03"]
[SourceVersion "3"]
[SourceVersionDate "2020.08.05"]
[SourceQuality "2"]

1. e4 e5 2. Nf3 Nc6 3. c3 Nf6 4. d4 d6 5. Bd3 g6 6. h3 Bg7 7. d5 Ne7 8. c4 O-O
9. g4 Nd7 10. Rg1 c6 11. Nc3 Nc5 12. Bc2 a5 13. Be3 cxd5 14. cxd5 Bd7 15. Qd2
Rc8 16. Bh6 Bxh6 17. Qxh6 f6 18. Nh4 Rf7 19. Qd2 b5 20. Kf1 Kh8 21. Nd1 Ng8 22.
Nf3 b4 23. Ne3 Bb5+ 24. Kg2 Rfc7 25. Rae1 Qf8 26. h4 Qh6 27. g5 Qg7 28. h5 fxg5
29. Nxg5 Nf6 30. hxg6 Qxg6 31. Nf5 Ncxe4 32. Bxe4 Nxe4 33. Rxe4 Qxf5 34. Qe3
Bc4 35. Rd1 Rg7 36. f4 exf4 37. Re8+ Rxe8 38. Qxe8+ Rg8 0-1

[Event "3rd Bohumin Open 2020"]
[Site "Bohumin CZE"]
[Date "2020.07.26"]
[Round "9.5"]
[White "Weinzettl, E."]
[Black "Kucza, Karol"]
[Result "0-1"]
[WhiteElo "2166"]
[BlackElo "2245"]
[PlyCount "58"]
[EventDate "2020.07.18"]
[EventType "swiss"]
[EventRounds "9"]
[EventCountry "CZE"]
[SourceTitle "The Week in Chess 1342"]
[Source "Mark Crowther"]
[SourceDate "2020.07.27"]
[SourceVersion "1"]
[SourceVersionDate "2020.07.27"]
[SourceQuality "2"]

1. e4 e5 2. Nf3 Nc6 3. c3 d5 4. Qa4 Bd7 5. exd5 Nd4 6. Qd1 Nxf3+ 7. Qxf3 Bd6 8.
d3 f5 9. Be3 Nf6 10. h3 O-O 11. Bg5 Qe8 12. Bxf6 Rxf6 13. Nd2 Qf7 14. Nc4 e4
15. Nxd6 cxd6 16. Qe3 Qxd5 17. dxe4 fxe4 18. Be2 Raf8 19. O-O Rg6 20. f4 Qc5
21. Qxc5 dxc5 22. Bc4+ Be6 23. f5 Bxc4 24. fxg6 Bxf1 25. Rxf1 Rd8 26. Kf2 Rd2+
27. Ke3 Rxg2 28. Rf8+ Kxf8 29. gxh7 Rg3+ 0-1

[Event "AZE-UKR Blitz Match 2020"]
[Site "chess.com INT"]
[Date "2020.07.23"]
[Round "6"]
[White "Abdulla, K."]
[Black "Zhukova, N."]
[Result "0-1"]
[WhiteElo "2263"]
[BlackElo "2328"]
[PlyCount "64"]
[EventDate "2020.07.23"]
[EventType "team-schev (blitz)"]
[EventRounds "10"]
[SourceTitle "The Week in Chess 1342"]
[Source "Mark Crowther"]
[SourceDate "2020.07.27"]
[SourceVersion "1"]
[SourceVersionDate "2020.07.27"]
[SourceQuality "2"]
[WhiteTeam "Azerbaijan"]
[BlackTeam "Ukraine"]
[WhiteTeamCountry "AZE"]
[BlackTeamCountry "UKR"]

1. e4 e5 2. Nf3 Nc6 3. c3 d5 4. Qa4 Bd7 5. exd5 Nd4 6. Qd1 Nxf3+ 7. Qxf3 Bd6 8.
c4 f5 9. d3 Nf6 10. Nc3 O-O 11. Be2 e4 12. Qe3 f4 13. Qd4 f3 14. gxf3 exf3 15.
Bxf3 Qe7+ 16. Be3 c5 17. Qh4 Be5 18. O-O-O b5 19. d6 Qxd6 20. Bxa8 Bxc3 21.
bxc3 Rxa8 22. Rhg1 Qa6 23. Bxc5 bxc4 24. Qg5 g6 25. dxc4 Rc8 26. Bb4 Bf5 27.
Rd6 Qxa2 28. Kd1 Qc2+ 29. Ke1 Re8+ 30. Kf1 Bh3+ 31. Rg2 Qe2+ 32. Kg1 Qe1# 0-1

[Event "AZE-UKR Rapid Match 2020"]
[Site "chess.com INT"]
[Date "2020.07.22"]
[Round "9.9"]
[White "Abdulla, K."]
[Black "Doluhanova, E."]
[Result "1-0"]
[WhiteElo "2263"]
[BlackElo "2229"]
[PlyCount "77"]
[EventDate "2020.07.21"]
[EventType "team-schev (rapid)"]
[EventRounds "10"]
[SourceTitle "The Week in Chess 1342"]
[Source "Mark Crowther"]
[SourceDate "2020.07.27"]
[SourceVersion "1"]
[SourceVersionDate "2020.07.27"]
[SourceQuality "2"]
[WhiteTeam "AZE"]
[BlackTeam "UKR"]

1. e4 e5 2. Nf3 Nc6 3. c3 d5 4. Qa4 f6 5. Bb5 Nge7 6. d3 Bg4 7. Nxe5 fxe5 8.
exd5 Qxd5 9. Bxc6+ Nxc6 10. Qxg4 Qxd3 11. Bg5 Be7 12. Bxe7 Nxe7 13. Nd2 Qg6 14.
Qxg6+ Nxg6 15. O-O O-O-O 16. Nc4 Rhe8 17. Rfe1 b5 18. Ne3 Rd2 19. b3 Nf4 20.
Kf1 Rf8 21. Red1 Rfd8 22. Rxd2 Rxd2 23. a4 a6 24. axb5 axb5 25. Ra5 Nd3 26.
Ra8+ Kd7 27. f3 Rf2+ 28. Kg1 Re2 29. Nf1 Nf4 30. g3 Nh3+ 31. Kh1 Rf2 32. Ra1 g5
33. Rd1+ Kc6 34. Nd2 Kb6 35. c4 bxc4 36. Nxc4+ Kc5 37. Nxe5 Rxf3 38. Rc1+ Kd4
39. Nxf3+ 1-0